000 00369 a2200157 4500
001 74408
020 _a8516045781
040 _cAnchieta - Colégio São Paulo
100 _aMcDonald, Megan
240 1 0 _aJudy Moody adivinha o futuro
_lpor
245 1 0 _aJudy Moody adivinha o futuro
300 _a172
362 0 _a2005
650 4 _aLiteratura juvenil
942 _cBK
999 _c74408
_d74408